=LDR 00000nam 2200000 4500 =001 INLIS000000000007408 =005 20130612095419 =008 ***********************************Ind** =035 ##$$0010-061300000007408 =041 ##$$a Ind =082 ##$$a 2x3.1 =090 ##$$a 2x3.1, Qas p =100 ##$$a Qasun, Tormono Ahmad =245 ##$$a Pokok-pokok keimanan, Drs. Tormono Ahmad Qasim =260 ##$$a 1994 $b Bandung =300 ##$$a 297 hlm., 21 cm =650 ##$$a Iman Kepada Allah